Statistiques concernant Devinez le Pays Mystère #77

Cliquez ici pour prendre le quiz!

Statistiques générales

  • Ce quiz a été pris 295 fois
  • Le résultat moyen est 8 sur 13

Statistiques - réponses

Type de RéponseRéponse% Correct
Lettre TrouvéeA
98%
Lettre TrouvéeL
84%
Lettre TrouvéeT
74%
Lettre Bien PlacéeU
70%
Lettre TrouvéeU
70%
Lettre Bien PlacéeA
68%
Lettre Bien PlacéeL
56%
Lettre Bien PlacéeT
49%
Lettre TrouvéeV
49%
Pays MystèreTuvalu
45%
Lettre Bien PlacéeU
45%
Lettre TrouvéeU
45%
Lettre Bien PlacéeV
45%

Distribution des résultats

Percentile par nombre de réponses

% des personnes avec chaque résultat

Votre développement - résultats

Vous n’avez pas pris ce quiz